EPR štúdium antioxidačných vlstností potravín a biosystémov

Gespeichert in:
Bibliographische Detailangaben
1. Verfasser: Polovka, Martin
Format: Buch
Sprache:Slowakisch
Veröffentlicht: Bratislava STU FCHPT v Bratislave 2004
Schlagworte:
Online-Zugang:Im OPAC anzeigen
Tags: Tag hinzufügen
Keine Tags, Fügen Sie das erste Tag hinzu!

MARC

LEADER 00000nam a2200000 a 4500
005 20260127134034.0
008 060111 2004 xo 000 0 slo d
035 |a vtls008423313 
039 9 |y 200601111259  |z mschk03 
040 |a STUSCHK1  |b slo  |c STUSCHK1  |e AACR2 
100 1 |a Polovka, Martin 
245 1 |a EPR štúdium antioxidačných vlstností potravín a biosystémov 
260 |a Bratislava  |b STU FCHPT v Bratislave  |c 2004 
300 |a 102 s. + prílohy 
500 |a Obháj.: 28.1. 2005 
500 |a Katedra fyzikálnej chémie 
650 0 |a bezpečnosť poživatín  |x antioxidanty 
910 |a SCHK95 
999 |c 2631  |d 2631